| 000 -ლიდერი |
| ფიქსირებული სიგრძის საკონტროლო ველი |
01389nam a2200253Ia 4500 |
| 001 - საკონტროლო ნომერი |
| საკონტროლო ველი |
7647 |
| 003 - საკონტროლო ნომრის იდენტიფიკატორი |
| საკონტროლო ველი |
GE_BSU |
| 005 - ბოლო ოპერაციის თარიღი და დრო |
| საკონტროლო ველი |
20240122154948.0 |
| 008 - ფიქსირებული სიგრძის მონაცემთა ელემენტები - ზოგადი ინფორმაცია |
| ფიქსირებული სიგრძის საკონტროლო ველი |
181216s1973||||ge |||||||||||||| ||geo|| |
| 040 ## - კატალოგიზაციის წყარო |
| Transcribing agency |
GE_BSU |
| 041 ## - ენის კოდი |
| Language code of text/sound track or separate title |
geo |
| 080 ## - უნივერსალური ათობითი კლასიფიკაციის ინდექსი |
| Universal Decimal Classification number |
821.353.1+821.353.1–32+821.353.1–4 დ–84 |
| 245 ## - ცნობა სათაურის შესახებ |
| Title |
დროის ძახილი : ქართველი მწერლები ხუთწლედს : |
| Remainder of title |
ლექსები, მოთხრობები, ნარკვევები / |
| Statement of responsibility, etc |
შეადგინეს და წინასიტყვ. დაურთეს ჯ. ჩარკვიანმა და ნ. წერეთელმა ; რედ. ჯ. ჩარკვიანი ; მხატვ. ს. ცინცაძე. |
| 264 ## - წარმოების, გამოცემის, დისტრიბუციის და სხვა ცნობები |
| გამოცემის, წარმოების, დისტრიბუციის... ადგილი |
.თბილისი : |
| გამოცემის, წარმოების, დისტრიბუციის... სახელწოდება |
საქართველოს კპ ცკ–ის გამ–ბა, |
| გამოცემის, წარმოების, დისტრიბუციის... თარიღი |
1973. |
| 300 ## - ფიზიკური აღწერა |
| Extent |
355 გვ. ; |
| Dimensions |
17 სმ. |
| 653 ## - INDEX TERM--UNCONTROLLED |
| Uncontrolled term |
დროის ძახილი |
| 653 ## - INDEX TERM--UNCONTROLLED |
| Uncontrolled term |
ქართველი მწერლები ხუთწლედს |
| 653 ## - INDEX TERM--UNCONTROLLED |
| Uncontrolled term |
ლექსები |
| 653 ## - INDEX TERM--UNCONTROLLED |
| Uncontrolled term |
მოთხრობები |
| 653 ## - INDEX TERM--UNCONTROLLED |
| Uncontrolled term |
ნარკვევები |
| 700 ## - ADDED ENTRY--PERSONAL NAME |
| Personal name |
ჩარკვიანი, ჯ. |
| Relator term |
რედაქტორი |
| 9 (RLIN) |
21085 |
| 700 ## - ADDED ENTRY--PERSONAL NAME |
| Personal name |
ცინცაძე, ს. |
| Relator term |
მხატვარი |
| 9 (RLIN) |
21086 |
| 942 ## - ADDED ENTRY ELEMENTS (KOHA) |
| Koha item type |
წიგნი |
| Source of classification or shelving scheme |
|